|
|
|
|
| LEADER |
01720nam a2200349 i 4500 |
| 001 |
31136 |
| 003 |
BD-DhAAL |
| 005 |
20160606153600.0 |
| 008 |
160606s2016 enka bf 001 0 eng |
| 010 |
|
|
|a 2015027670
|
| 020 |
|
|
|a 9780415734615 (hardback)
|
| 020 |
|
|
|z 9781315651019 (ebook)
|
| 040 |
|
|
|a DLC
|b eng
|c DLC
|e rda
|d DLC
|d BD-DhAAL
|
| 050 |
0 |
0 |
|a DS393.4
|b .R68 2016
|
| 082 |
0 |
0 |
|a 954.9205
|2 23
|
| 999 |
|
|
|c 37599
|d 37599
|
| 999 |
|
|
|c 37599
|
| 245 |
0 |
0 |
|a Routledge handbook of contemporary Bangladesh /
|c edited by Ali Riaz, Mohammad Sajjadur Rahman.
|
| 264 |
|
1 |
|a London ;
|a New York, NY :
|b Routledge/Taylor & Francis Group,
|c 2016.
|
| 300 |
|
|
|a xix, 448 pages :
|b illustrations ;
|c 26 cm.
|
| 490 |
0 |
|
|a Routledge handbooks
|
| 504 |
|
|
|a Includes bibliographical references and index.
|
| 526 |
|
|
|a BIGD
|
| 541 |
|
|
|e 31136, 31137
|
| 651 |
|
0 |
|a Bangladesh
|v Handbooks, manuals, etc.
|9 19661
|
| 700 |
1 |
|
|a Riaz, Ali,
|e editor.
|9 19662
|
| 700 |
1 |
|
|a Rahman, Mohammad Sajjadur,
|e editor.
|9 19663
|
| 942 |
|
|
|2 ddc
|c BK
|
| 952 |
|
|
|0 0
|1 0
|2 ddc
|4 0
|6 954_920500000000000_ROU
|7 0
|9 59114
|a IGS
|b IGS
|c GEN
|d 2016-05-30
|e 1
|g 10803.00
|l 2
|m 2
|o 954.9205 ROU
|p 3010031137
|r 2019-03-05
|s 2018-10-31
|t 2
|v 10803.00
|w 2016-05-30
|y BK
|
| 952 |
|
|
|0 0
|1 0
|2 ddc
|4 0
|6 954_920500000000000_ROU
|7 0
|9 59115
|a IGS
|b IGS
|c GEN
|d 2016-05-30
|e 1
|g 10803.00
|l 0
|o 954.9205 ROU
|p 3010031136
|r 2016-06-06
|t 1
|v 10803.00
|w 2016-05-30
|y BK
|
| 952 |
|
|
|0 0
|1 0
|2 ddc
|4 0
|6 954_920500000000000_ROU
|7 0
|9 59623
|a SCL
|b SCL
|c GEN
|d 2016-09-25
|g 15000.00
|l 2
|m 1
|o 954.9205 ROU
|p 3020008568
|r 2023-02-07
|s 2022-06-05
|t 3
|w 2016-09-25
|y BK
|
| 952 |
|
|
|0 0
|1 0
|2 ddc
|4 0
|6 954_920500000000000_ROU
|7 0
|9 61784
|a SCL
|b SCL
|c GEN
|d 2017-11-06
|e Gift :
|l 4
|m 4
|o 954.9205 ROU
|p 3020008569
|r 2022-12-19
|s 2022-11-29
|t 4
|w 2017-11-06
|y BK
|